000 00404nam a2200169Ia 4500
005 20140403145859.0
008 140130s9999 xx 000 0 und d
050 _aPZ 7
_b.L5385Wr 2007
245 _cMadeleine L'Engle
_aWrinkle in time,A
260 _bScholastic,
_c2007
300 _a212 p. :
_c19 cm.
440 _v1
_931174
521 _aG5
526 _c740
942 _cBK
_2lcc
999 _c41083
_d41083